| 000 -LEADER |
| fixed length control field |
01238nam a2200373 i 4500 |
| 001 - CONTROL NUMBER |
| control field |
020150583 |
| 003 - CONTROL NUMBER IDENTIFIER |
| control field |
UkOxU |
| 005 - DATE AND TIME OF LATEST TRANSACTION |
| control field |
20230822100405.0 |
| 008 - FIXED-LENGTH DATA ELEMENTS--GENERAL INFORMATION |
| fixed length control field |
150921s2015 nyua 000 0 eng d |
| 020 ## - INTERNATIONAL STANDARD BOOK NUMBER |
| International Standard Book Number |
9780134049809 (pbk.) |
| 035 ## - SYSTEM CONTROL NUMBER |
| System control number |
(StEdALDL)1/3258941 |
| 040 ## - CATALOGING SOURCE |
| Original cataloging agency |
StEdALDL |
| Language of cataloging |
eng |
| Description conventions |
rda |
| Transcribing agency |
StEdALDL |
| Modifying agency |
UkOxU |
| -- |
KH8 |
| 049 ## - LOCAL HOLDINGS (OCLC) |
| Holding library |
CROBAR |
| 082 ## - DEWEY DECIMAL CLASSIFICATION NUMBER |
| Classification number |
428.24 MER |
| 100 1# - MAIN ENTRY--PERSONAL NAME |
| Personal name |
Merdinger, Polly, |
| Relator term |
author. |
| 245 10 - TITLE STATEMENT |
| Title |
NorthStar. |
| Name of part/section of a work |
Listening & speaking. |
| Number of part/section of a work |
1 / |
| Statement of responsibility, etc. |
Polly Merdinger, Laurie Barton. |
| 246 3# - VARYING FORM OF TITLE |
| Title proper/short title |
NorthStar. |
| Name of part/section of a work |
Listening & speaking. |
| Number of part/section of a work |
1 |
| 246 3# - VARYING FORM OF TITLE |
| Title proper/short title |
North star. |
| Name of part/section of a work |
Listening & speaking. |
| Number of part/section of a work |
1 |
| 250 ## - EDITION STATEMENT |
| Edition statement |
Fourth edition. |
| 250 ## - EDITION STATEMENT |
| Edition statement |
International edition. |
| 264 #1 - PRODUCTION, PUBLICATION, DISTRIBUTION, MANUFACTURE, AND COPYRIGHT NOTICE |
| Place of production, publication, distribution, manufacture |
White Plains, New York : |
| Name of producer, publisher, distributor, manufacturer |
Pearson Education, |
| Date of production, publication, distribution, manufacture, or copyright notice |
[2015] |
| 264 #4 - PRODUCTION, PUBLICATION, DISTRIBUTION, MANUFACTURE, AND COPYRIGHT NOTICE |
| Date of production, publication, distribution, manufacture, or copyright notice |
©2015 |
| 300 ## - PHYSICAL DESCRIPTION |
| Extent |
xix, 236 pages : |
| Other physical details |
illustrations ; |
| Dimensions |
26 cm. |
| 336 ## - CONTENT TYPE |
| Content type term |
text |
| Source |
rdacontent |
| 337 ## - MEDIA TYPE |
| Media type term |
unmediated |
| Source |
rdamedia |
| 338 ## - CARRIER TYPE |
| Carrier type term |
volume |
| Source |
rdacarrier |
| 490 1# - SERIES STATEMENT |
| Series statement |
Always learning. |
| 650 #0 - SUBJECT ADDED ENTRY--TOPICAL TERM |
| Topical term or geographic name entry element |
English language |
| General subdivision |
Spoken English. |
| 650 #0 - SUBJECT ADDED ENTRY--TOPICAL TERM |
| Topical term or geographic name entry element |
English language |
| Form subdivision |
Textbooks for foreign speakers. |
| 650 #0 - SUBJECT ADDED ENTRY--TOPICAL TERM |
| Topical term or geographic name entry element |
English language |
| General subdivision |
Study and teaching |
| -- |
Foreign speakers. |
| 700 1# - ADDED ENTRY--PERSONAL NAME |
| Personal name |
Barton, Laurie, |
| Relator term |
author. |
| 830 #0 - SERIES ADDED ENTRY--UNIFORM TITLE |
| Uniform title |
Always learning. |
| 942 ## - ADDED ENTRY ELEMENTS (KOHA) |
| Source of classification or shelving scheme |
|
| Koha item type |
Teaching Resources |